Codex Vindobonensis Mexicanus 1 (Record no. 9173)

MARC details
000 -CABECERA
campo de control de longitud fija 00855nam a2200253 a 4500
001 - NÚMERO DE CONTROL
campo de control BRL_360
005 - FECHA Y HORA DE LA ÚLTIMA TRANSACCIÓN
campo de control 20190320210714.0
008 - DATOS DE LONGITUD FIJA--INFORMACIÓN GENERAL
campo de control de longitud fija 050813s1963----au-a######---#000-0#eng-#
041 ## - CÓDIGO DE LENGUA
Código de lengua del texto/banda sonora o título independiente eng
044 ## - CÓDIGO DEL PAÍS DE LA ENTIDAD EDITORA/PRODUCTORA
Código MARC del país au
050 #4 - SIGNATURA TOPOGRÁFICA DE LA BIBLIOTECA DEL CONGRESO
Número de clasificación F1219
Número de documento/Ítem .C63 1963
130 0# - ENTRADA PRINCIPAL--TÍTULO UNIFORME
Título uniforme Codex Vindobonensis Mexicanus 1
9 (RLIN) 23654
245 10 - MENCIÓN DE TÍTULO
Título Codex Vindobonensis Mexicanus 1
Resto del título Osterreichische Nationalbibliothek Wien
Mención de responsabilidad, etc. Otto Adelhofer.
260 ## - PUBLICACIÓN, DISTRIBUCIÓN, ETC.
Lugar de publicación, distribución, etc. Austria
Nombre del editor, distribuidor, etc. Akademische Druck
Fecha de publicación, distribución, etc. 1963
300 ## - DESCRIPCIÓN FÍSICA
Extensión 37 p.
Otras características físicas il. (algunas a color)
Dimensiones 19 cm.
Material acompañante/anejo 1 facsimile (65 laminas)
440 #0 - MENCIÓN DE SERIE/PUNTO DE ACCESO ADICIONAL--TÍTULO
Título Codices selecti Phototypice impressi
Designación de volumen o secuencia 5
9 (RLIN) 23655
500 ## - NOTA GENERAL
Nota general Au341
650 14 - PUNTO DE ACCESO ADICIONAL DE MATERIA--TÉRMINO DE MATERIA
Término de materia o nombre geográfico como elemento de entrada Manuscritos mexicanos
Subdivisión general Facsímiles
9 (RLIN) 5310
650 14 - PUNTO DE ACCESO ADICIONAL DE MATERIA--TÉRMINO DE MATERIA
Término de materia o nombre geográfico como elemento de entrada Indígenas de México
Subdivisión general Lenguas
-- Escritura
9 (RLIN) 23656
651 #4 - PUNTO DE ACCESO ADICIONAL DE MATERIA--NOMBRE GEOGRÁFICO
Nombre geográfico México
Subdivisión general Antigüedades
9 (RLIN) 2765
700 1# - PUNTO DE ACCESO ADICIONAL--NOMBRE DE PERSONA
Nombre de persona Adelhofer, Otto
Término indicativo de función/relación ed.
9 (RLIN) 23657
902 ## - CATALOGADOR
Iniciales GRL
942 ## - ELEMENTOS DE PUNTO DE ACCESO ADICIONAL (KOHA)
Fuente del sistema de clasificación o colocación Library of Congress Classification
Tipo de ítem Koha Libros
Holdings
Estado de retiro Estado de pérdida Estado dañado No para préstamo Localización permanente Ubicación/localización actual Fecha de adquisición Número de inventario Total de préstamos Signatura topográfica completa Código de barras Fecha visto por última vez Precio válido a partir de Tipo de ítem Koha
El ejemplar forma parte de la colección y puede ser consultado según las políticas vigentes.       Biblioteca Centro de Estudios Ruth D. Lechuga Biblioteca Centro de Estudios Ruth D. Lechuga 05/08/2013 Au341   F1219 .C63 1963 (Au341) GRL00384 22/03/2019 22/03/2019 Libros